Vista normal Vista MARC

Entrada Geographic Name

Número de registros utilizados en: 1

001 - CONTROL NUMBER

  • control field: 62898

003 - CONTROL NUMBER IDENTIFIER

  • control field: OSt

005 - DATE AND TIME OF LATEST TRANSACTION

  • control field: 20250821194032.0

008 - FIXED-LENGTH DATA ELEMENTS

  • fixed length control field: 250821|| aca||aabn | a|a d

040 ## - CATALOGING SOURCE

  • Original cataloging agency: OSt
  • Transcribing agency: OSt

151 ## - HEADING--GEOGRAPHIC NAME

  • Geographic name: Colombia
  • General subdivision: Historia
  • General subdivision: Descubrimiento y conquista, 1499-1550

670 ## - SOURCE DATA FOUND

  • Source citation: Work cat.: (OSt)58313: Rodríguez Freyle, Juan, 1556-1638. aut 62897, El carnero /









Instituto Departamental de Cultura del Meta - Red Departamental de Bibliotecas Públicas del Meta.